Testo - E penso a te - Statistics

Statistiche generali
  • Questo quiz è stato fatto 54 volte
  • Il punteggio medio è 91 su 118
Statistiche sulle risposte
Risposta % Corretto
a
100%
penso
100%
te
100%
e
98%
E
98%
è
98%
Io
91%
la
89%
Non
89%
non
89%
che
86%
Ma
86%
Per
84%
chi
82%
di
75%
si
75%
Le
73%
so
73%
con
70%
gli
70%
Come
68%
come
68%
noi
68%
sei
68%
cosa
66%
città
61%
dormo
61%
fai
61%
occhi
61%
Chiudo
59%
due
59%
lavoro
59%
grande
57%
son
57%
troppo
57%
al
55%
cercando
55%
però
55%
stai?
55%
stai
55%
stan
55%
adesso
50%
casa
50%
Torno
50%
intanto
48%
telefono
48%
Sono
45%
certo
43%
pensando
43%
Dove
39%
stato
39%
tardi
36%
buio
34%
divertente
32%
sorrido
32%
Scusa
30%
sperano
30%
andiamo?
27%
abbasso
25%
T'accompagno
11%
costa
5%
Nessun quiz corrispondente trovato
Distribuzione punteggi
Percentuale di utenti per punteggio
Percentile per numero di risposta
I tuoi punteggi nel tempo
Non hai fatto questo quiz